| 000 | 01086nas a2200349 4500 | ||
|---|---|---|---|
| 001 | BR0502573 | ||
| 003 | BR-BrBNA | ||
| 005 | 20231205105417.0 | ||
| 007 | ta | ||
| 008 | 230509b bl.|||p| |||| 00| 00por d | ||
| 040 |
_aBR-BrBNA _bpor _cBiblioteca Nacional de Agricultura |
||
| 041 | _a(Pt) | ||
| 072 | _aL02; L01 | ||
| 100 | 1 | _aVaz, F.N. | |
| 100 | 1 | _aRestle, J. | |
| 100 | 1 | _aVaz, R.Z. | |
| 100 | 1 | _aBrondani, I.L. | |
| 100 | 1 | _aPádua, J.T. | |
| 100 | 1 | _aPacheco, P.S. | |
| 100 | 1 | _aSantos, A.P. dos | |
| 245 | 1 | _aGanho de peso antes e após os sete meses no desenvolvimento e características quantitativas da carcaça de novilhos Nelore abatidos aos dois anos | |
| 650 | _aGADO DE CORTE | ||
| 650 | _aGANHO DE PESO | ||
| 650 | _aANÁLISE QUANTITATIVA | ||
| 650 | _aCARCAÇA | ||
| 650 | _aABATE | ||
| 650 | _aETAPA DE DESENVOLVIMENTO ANIMAL | ||
| 650 | _aIDADE | ||
| 773 | 0 |
_tRevista Brasileira de Zootecnia (Brazil) _xISSN 1516-3598 _g(Jul-Aug 2004), v. 33(4) p. 1029-1038 _wBR0502573 |
|
| 909 |
_a202311 _bLúcia _c55 _dLúcia Elande |
||
| 942 |
_2AGRIS _n0 _cANA |
||
| 999 |
_c182829 _d182829 |
||